header

Advanced techniques in diagnostic cellular pathology (Record no. 178598)

MARC details
000 -LEADER
fixed length control field 01656nam a2200325 a 4500
082 04 - DEWEY DECIMAL CLASSIFICATION NUMBER
Classification number 611/.01815
245 00 - TITLE STATEMENT
Title Advanced techniques in diagnostic cellular pathology
260 ## - PUBLICATION, DISTRIBUTION, ETC. (IMPRINT)
Place of publication Chichester, West Sussex ;
-- Hoboken, N.J. :
Name of publisher John Wiley & Sons,
Year of publication 2009.
300 ## - PHYSICAL DESCRIPTION
Number of Pages xvi, 196 p. :
Other physical details ill. (some col.).
505 0# - FORMATTED CONTENTS NOTE
Formatted contents note Virtual microscopy / Jim Diamond and David McCleary -- Cytopathology / Mary Hannon-Fletcher -- Flow cytometry / Ian Dimmick -- Immunocytochemistry / Perry Maxwell and Merdol Ibrahim -- Microarray-based comparative genomic hybridization / David S.P. Tan, Rachael Natrajan and Jorge S. Reis-Filho -- Tissue in situ hybridization / Anthony O'Grady, John O'Loughlin and and Hilary Magee.
650 #0 - SUBJECT ADDED ENTRY--TOPICAL TERM
Topical Term Cytodiagnosis.
700 1# - ADDED ENTRY--PERSONAL NAME
Personal name Hannon-Fletcher, Mary.
Personal name Maxwell, Perry,
856 40 - ELECTRONIC LOCATION AND ACCESS
Uniform Resource Identifier http://site.ebrary.com/lib/rucke/Doc?id=10298037

No items available.

© 2026 Rongo University
Contact us: librarian | system librarian | Rongo university